LEADER 01287nam a2200325 a 4500 001 000000131339 003 CaOOAMICUS 005 20121115113834.0 008 121115s2012 it 000 u ita r 020 $a978-88-343-2120-1 040 $aPUL$bita 041 1 $aita$hfre 082 04$a110 100 1 $aBrague, Rémi.$0(OLS)http://pul/name/49417 240 10$aAncres dans le ciel.$lItaliano.$0(OLS)http://pul/title/165909 245 10$aAncore nel cielo :$bl'infrastruttura metafisica /$cRémi Brague. 260 $aMilano :$bVita e pensiero,$c©2012. 300 $a100 p. ;$c21 cm 490 1 $aTransizioni ;$v36 504 $aBibliografia in nota. 650 4$aMetafisica.$0(OLS)http://pul/subject/433 830 0$aTransizioni (Vita e Pensiero) ;$v36.$0(OLS)http://pul/title/132932 850 $aPUL 852 $aPUL$W1$xSL Filosofia 3$y81$m110 BRARE 1$j151636$qDDC 21$q $B150532$CPULBib$Z2$F150532 $H121191 $81 941 1 $a9 996 $6020$a978-88-343-2120-1$9(OLS)http://pul/number/151041 996 $6082$a110$9(OLS)http://pul/classification/454 996 $6245$aAncore nel cielo :$bl'infrastruttura metafisica$9(OLS)http://pul/title/165910 996 $6260$aMilano :$bVita e pensiero$9(OLS)http://pul/publisher/48016 LEADER 02286nam a2200409 a 4500 001 000000125234 003 CaOOAMICUS 005 20110506122722.0 008 110506m20022004it abf u000 u ita r 020 $a978-88-06-14124-0 (v. 1) 020 $a88-06-15295-5 (v. 2) 020 $a88-06-15296-3 (v. 3) 020 $a88-06-15297-1 (v. 4) 040 $aPUL$bita 082 04$a709.02 245 00$aArti e storia nel Medioevo /$ca cura di Enrico Castelnuovo e Giuseppe Sergi. 260 $aTorino :$bGiulio Einaudi,$c©2002-2004. 300 $a4 v. :$bill., c. geogr., tav. ;$c22 cm 500 $aInclude indice alla fine di ogni v. 505 0 $aV. 1. Tempi spazi istituzioni. -- v. 2. Del costruire: tecniche, artisti, artigiani, committenti. -- v. 3. Del vedere: pubblici, forme e funzioni. -- v. 4. Il Medioevo al passato e al presente. 650 4$aArte$xStoria$yEvo medio.$0(OLS)http://pul/subject/29379 700 1 $aCastelnuovo, Enrico,$d1929-$0(OLS)http://pul/name/59919 700 1 $aSergi, Giuseppe,$d1946-$0(OLS)http://pul/name/61218 850 $aPUL 852 $aPUL$W1$xSL Cons. Gen., Altre Classi 3$y75$m709. 02 CASEN 1.1$j144195$av. 1$qDDC 21$B143230$CPULBib$Z2$F143230 $H117066 $82 852 $aPUL$W1$xSL Cons. Gen., Altre Classi 3$y75$m709. 02 CASEN 1.2$j144196$av. 2$qDDC 21$B143231$CPULBib$Z2$F143231 $H117067 $82 852 $aPUL$W1$xSL Cons. Gen., Altre Classi 3$y75$m709. 02 CASEN 1.3$j144197$av. 3$qDDC 21$B143232$CPULBib$Z2$F143232 $H117068 $82 852 $aPUL$W1$xSL Cons. Gen., Altre Classi 3$y75$m709. 02 CASEN 1.4$j144198$av. 4$qDDC 21$B143233$CPULBib$Z2$F143233 $H117069 $82 941 1 $a9 996 $6020$a978-88-06-14124-0 (v. 1)$9(OLS)http://pul/number/147086 996 $6020$a88-06-15295-5 (v. 2)$9(OLS)http://pul/number/147087 996 $6020$a88-06-15296-3 (v. 3)$9(OLS)http://pul/number/147088 996 $6020$a88-06-15297-1 (v. 4)$9(OLS)http://pul/number/147089 996 $6082$a709.02$9(OLS)http://pul/classification/1994 996 $6245$aArti e storia nel Medioevo$9(OLS)http://pul/title/157890 996 $6260$aTorino :$bGiulio Einaudi$9(OLS)http://pul/publisher/54573